[Event "SF Lieme 1 - SG Ennepe-Ruhr-Süd 1"]
[Site "NRW-Klasse, Gruppe 2 2015/201"]
[Date "2015.10.25"]
[Round "2.3"]
[White "Tripolsky, Eugen"]
[Black "Wittke, Rene"]
[Result "1-0"]
[WhiteElo "2199"]
[BlackElo "2183"]
[PlyCount "53"]
[EventDate "2015.??.??"]
[WhiteTeam "SG Ennepe-Ruhr-Süd 1"]
[BlackTeam "SF Lieme 1"]

1. c4 Nf6 2. Nc3 e5 3. Nf3 Nc6 4. g3 Bc5 5. Nxe5 Bxf2+ 6. Kxf2 Nxe5 7. b3 Nfg4+
8. Kg1 Qf6 9. Qe1 Qb6+ 10. Kg2 O-O 11. h3 Re8 12. e4 Nf6 13. d3 Qd6 14. Qe2 c6
15. Bb2 Ng6 16. Re1 h5 17. d4 h4 18. e5 Qb4 19. Qf3 d6 20. Bd3 dxe5 21. Bxg6
fxg6 22. dxe5 Nh5 23. Rhf1 Nxg3 24. Qf7+ Kh7 25. Ne4 Nxe4 26. Rxe4 Qe7 27. e6
1-0

[Event "SF Lieme 1 - SG Ennepe-Ruhr-Süd 1"]
[Site "NRW-Klasse, Gruppe 2 2015/201"]
[Date "2015.10.25"]
[Round "2.4"]
[White "Schaffarczyk, Andre"]
[Black "Arndt, Stefan"]
[Result "1/2-1/2"]
[WhiteElo "2092"]
[BlackElo "2160"]
[PlyCount "82"]
[EventDate "2015.??.??"]
[WhiteTeam "SF Lieme 1"]
[BlackTeam "SG Ennepe-Ruhr-Süd 1"]

1. e4 e5 2. Nf3 Nc6 3. Nc3 Nf6 4. d4 exd4 5. Nxd4 Bb4 6. Nxc6 bxc6 7. Bd3 d5 8.
exd5 O-O 9. O-O cxd5 10. h3 Rb8 11. Qf3 Bd6 12. b3 Be5 13. Bd2 c6 14. Rae1 Bc7
15. Bf4 Be6 16. Bxc7 Qxc7 17. Qg3 Qxg3 18. fxg3 Rfe8 19. Na4 Nd7 20. Re2 f6 21.
Rfe1 Ne5 22. g4 h6 23. Nc5 Bf7 24. c3 Nxd3 25. Rxe8+ Rxe8 26. Rxe8+ Bxe8 27.
Nxd3 Kf7 28. Kf2 Ke6 29. Ke3 g5 30. Kd4 Kd6 31. b4 Bg6 32. Nc5 f5 33. gxf5 Bxf5
34. a4 h5 35. Nb7+ Kc7 36. Nc5 Kd6 37. a5 h4 38. Nb7+ Kc7 39. Nc5 Kd6 40. Nb7+
Kc7 41. Nc5 Kd6 1/2-1/2

[Event "SF Lieme 1 - SG Ennepe-Ruhr-Süd 1"]
[Site "NRW-Klasse, Gruppe 2 2015/201"]
[Date "2015.10.25"]
[Round "2.5"]
[White "Moors, Hans"]
[Black "Stork, Holger"]
[Result "0-1"]
[WhiteElo "2057"]
[BlackElo "2044"]
[PlyCount "72"]
[EventDate "2015.??.??"]
[WhiteTeam "SG Ennepe-Ruhr-Süd 1"]
[BlackTeam "SF Lieme 1"]

1. d4 Nf6 2. Nf3 e6 3. Bg5 h6 4. Bxf6 Qxf6 5. e4 d6 6. Nc3 Nd7 7. Bc4 c6 8. O-O
e5 9. Re1 Be7 10. d5 O-O 11. Nd2 Qh4 12. Bf1 Nf6 13. g3 Qg5 14. Nc4 c5 15. a4
Ne8 16. Ne3 g6 17. h4 Qf6 18. Bg2 Qg7 19. h5 Nf6 20. Bf3 Bd7 21. Kg2 Nh7 22.
Bg4 f5 23. hxg6 fxg4 24. gxh7+ Kxh7 25. Nf5 Bxf5 26. exf5 Rxf5 27. Ne4 Raf8 28.
Ra3 Rf3 29. Ree3 Qg6 30. Qe2 R3f7 31. c4 h5 32. f3 Kg7 33. fxg4 hxg4 34. Red3
Qh5 35. Rd1 Rh8 36. Nf2 Qh2+ 0-1

[Event "SF Lieme 1 - SG Ennepe-Ruhr-Süd 1"]
[Site "NRW-Klasse, Gruppe 2 2015/201"]
[Date "2015.10.25"]
[Round "2.6"]
[White "Niermann, Tristan"]
[Black "Bruchmann, Norbert"]
[Result "0-1"]
[WhiteElo "1995"]
[BlackElo "2035"]
[Annotator "Hausrath,Daniel"]
[PlyCount "116"]
[EventDate "2015.??.??"]
[WhiteTeam "SF Lieme 1"]
[BlackTeam "SG Ennepe-Ruhr-Süd 1"]

1. d4 e6 2. e4 d5 3. Nc3 Bb4 4. e5 c5 5. a3 Bxc3+ 6. bxc3 Ne7 7. Qg4 Qc7 8. Bd3
cxd4 9. Ne2 dxc3 10. Qxg7 Rg8 11. Qxh7 Nbc6 12. Bf4 Bd7 13. O-O O-O-O 14. Nxc3
Nxe5 15. Qh5 f6 16. Nb5 Bxb5 17. Bxb5 Nf5 18. Rfd1 Qg7 19. Bf1 Ng6 20. Bg3 Nxg3
21. fxg3 Rh8 22. Qg4 Qf7 23. Qa4 Kb8 24. Rab1 Qc7 25. Ba6 Qc5+ 26. Qd4 Qxd4+
27. Rxd4 b6 28. a4 Ne5 29. a5 Kc7 30. Rf1 f5 31. Re1 Nc6 32. Ra4 Kd6 33. axb6
axb6 34. Bb5 Na5 35. g4 fxg4 36. Rxg4 Rhg8 37. Rxg8 Rxg8 38. g3 e5 39. Kg2 Rc8
40. Re2 e4 41. h4 Ke5 42. g4 Rh8 43. Kg3 Nb7 44. g5 Nd6 45. Bd7 d4 46. Kg4 Rh7
47. Bc6 Rc7 48. Ba4 b5 49. Bb3 Rc3 50. g6 Nf5 51. Re1 $11 Rg3+ 52. Kh5 e3 53.
Rf1 e2 54. Re1 Rg2 55. Ra1 Kf4 56. g7 Rxg7 57. c4 Nxh4 58. Kh6 Nf5+ 0-1

[Event "SF Lieme 1 - SG Ennepe-Ruhr-Süd 1"]
[Site "NRW-Klasse, Gruppe 2 2015/201"]
[Date "2015.10.25"]
[Round "2.7"]
[White "Osswald, Luis Monty"]
[Black "Stukenbrok, Nils"]
[Result "1/2-1/2"]
[WhiteElo "2010"]
[BlackElo "1973"]
[Annotator "Hausrath,Daniel"]
[PlyCount "89"]
[EventDate "2015.??.??"]
[WhiteTeam "SG Ennepe-Ruhr-Süd 1"]
[BlackTeam "SF Lieme 1"]

1. e4 c6 2. Nc3 d5 3. Nf3 Bg4 4. h3 Bxf3 5. Qxf3 e6 6. d3 Nf6 7. Bd2 Be7 8. g3
O-O 9. Bg2 b5 10. Qe2 a5 11. O-O Na6 12. Rae1 d4 13. e5 dxc3 14. exf6 cxd2 15.
fxe7 dxe1=Q 16. exf8=R+ Qxf8 17. Rxe1 Qd6 18. Qe4 $11 Rc8 19. a3 Nc5 20. Qe5
Qxe5 21. Rxe5 Nd7 22. Re2 c5 23. f4 Kf8 24. Kf2 Ke7 25. Ke3 Kd6 26. c3 e5 27.
Kd2 f6 28. Bf3 g6 29. h4 Re8 30. Bg4 f5 31. Bf3 c4 32. dxc4 bxc4 33. fxe5+ Rxe5
34. Rxe5 Kxe5 35. Ke3 Nc5 36. Be2 Ne4 37. Bxc4 Nxg3 38. b4 axb4 39. cxb4 f4+
40. Kf3 Nf5 41. a4 Nxh4+ 42. Kf2 Nf5 43. a5 Nd6 44. Be2 Kd5 45. b5 1/2-1/2

[Event "SF Lieme 1 - SG Ennepe-Ruhr-Süd 1"]
[Site "NRW-Klasse, Gruppe 2 2015/201"]
[Date "2015.10.25"]
[Round "2.8"]
[White "Essing, Arnold"]
[Black "Heller, Achim"]
[Result "1/2-1/2"]
[WhiteElo "2198"]
[BlackElo "1953"]
[Annotator "Hausrath,Daniel"]
[PlyCount "58"]
[EventDate "2015.??.??"]
[WhiteTeam "SF Lieme 1"]
[BlackTeam "SG Ennepe-Ruhr-Süd 1"]

1. d4 d5 2. Nf3 Nf6 3. g3 Bf5 4. Bg2 c6 5. O-O e6 6. b3 Be7 7. c4 O-O 8. Nc3
Ne4 9. Bb2 Nxc3 10. Bxc3 Be4 11. Bh3 Bf5 12. Bxf5 exf5 13. Ne1 Bf6 14. Rc1 Re8
15. e3 Na6 16. Qf3 Qd7 17. cxd5 Qxd5 18. Qxd5 cxd5 19. Nd3 Be7 20. Bb2 Bd6 21.
a3 Rac8 $11 22. Rxc8 Rxc8 23. Rc1 Rxc1+ 24. Nxc1 Kf8 25. Ne2 Nc7 26. Nc3 Ke7
27. Kf1 g6 28. Ke2 Kd7 29. Kd3 h5 1/2-1/2

[Event "SG Bochum 2 - SV Sundern 1"]
[Site "NRW-Klasse, Gruppe 2 2015/201"]
[Date "2015.10.25"]
[Round "2.1"]
[White "Doncea, Vladimir"]
[Black "Kotainy, Jens"]
[Result "1/2-1/2"]
[WhiteElo "2384"]
[BlackElo "2326"]
[PlyCount "38"]
[EventDate "2015.??.??"]
[WhiteTeam "SV Sundern 1"]
[BlackTeam "SG Bochum 2"]

1. d4 e6 2. c4 f5 3. Nc3 Nf6 4. Qc2 Bb4 5. e3 d6 6. Bd3 Nc6 7. Nge2 O-O 8. Bd2
e5 9. Bxf5 Bxf5 10. Qxf5 exd4 11. exd4 Bxc3 12. bxc3 Qe7 13. Bg5 Rae8 14. Qd3
Qe4 15. Qxe4 Nxe4 16. Be3 Na5 17. c5 dxc5 18. dxc5 Nc4 19. Bd4 Rf7 1/2-1/2

[Event "SG Bochum 2 - SV Sundern 1"]
[Site "NRW-Klasse, Gruppe 2 2015/201"]
[Date "2015.10.25"]
[Round "2.2"]
[White "Schlawin, Marlon"]
[Black "Stolte, Alexander"]
[Result "1/2-1/2"]
[WhiteElo "2252"]
[BlackElo "2168"]
[PlyCount "153"]
[EventDate "2015.??.??"]
[WhiteTeam "SG Bochum 2"]
[BlackTeam "SV Sundern 1"]

1. c4 e5 2. g3 Nf6 3. Bg2 Nc6 4. Nc3 Bb4 5. e3 O-O 6. Nge2 Re8 7. a3 Bf8 8. O-O
d6 9. d3 Be6 10. f4 Qd7 11. Nd5 Bxd5 12. cxd5 Ne7 13. Nc3 a5 14. Bd2 h5 15. Rc1
a4 16. e4 Ra6 17. f5 Kh7 18. Bg5 Neg8 19. Bf3 g6 20. Bg2 Bh6 21. h4 Ng4 22. Bh3
f6 23. Bxg4 hxg4 24. Qxg4 gxf5 25. exf5 Qf7 26. Ne4 Re7 27. Bxh6 Kxh6 28. Rc2
Qe8 29. Nxf6 Nxf6 30. Qg5+ Kh7 31. Qxf6 Rg7 32. Kh2 Qb5 33. Rd2 Qxd5 34. Qd8
Qa5 35. Rg2 Ra8 36. Qf6 Qd5 37. g4 Qxd3 38. Rff2 Qc4 39. g5 Qxh4+ 40. Kg1 Qd4
41. Rh2+ Kg8 42. g6 Qd1+ 43. Rf1 Qd4+ 44. Rhf2 Qg4+ 45. Rg2 Qd4+ 46. Rff2 Qd1+
47. Kh2 Qh5+ 48. Kg3 Rf8 49. Qh4 Qd1 50. Kh2 Qd3 51. f6 Rxg6 52. Rxg6+ Qxg6 53.
Rg2 Kf7 54. Qc4+ Kxf6 55. Rxg6+ Kxg6 56. Qxc7 Rf2+ 57. Kg3 Rxb2 58. Qxd6+ Kf5
59. Qd7+ Ke4 60. Qxa4+ Kd5 61. Kf3 Kd6 62. Ke4 Rb6 63. Qd1+ Kc7 64. Kxe5 Rc6
65. Qb3 Kb8 66. Kd5 Ka7 67. Qe3+ Kb8 68. a4 Ka8 69. Qe8+ Ka7 70. a5 Ra6 71. Qd8
Rc6 72. Kd4 Ra6 73. Kc5 Rc6+ 74. Kb5 Ra6 75. Qe8 Rc6 76. a6 Rxa6 77. Qe3+
1/2-1/2

[Event "SG Bochum 2 - SV Sundern 1"]
[Site "NRW-Klasse, Gruppe 2 2015/201"]
[Date "2015.10.25"]
[Round "2.3"]
[White "Plass, Heinz"]
[Black "Tkachuk, Konstantyn"]
[Result "1/2-1/2"]
[WhiteElo "2054"]
[BlackElo "2259"]
[Annotator "Hausrath,Daniel"]
[PlyCount "120"]
[EventDate "2015.??.??"]
[WhiteTeam "SV Sundern 1"]
[BlackTeam "SG Bochum 2"]

1. d4 Nf6 2. c4 g6 3. Nc3 Bg7 4. e4 d6 5. h3 O-O 6. Bg5 h6 7. Be3 e5 8. d5 Nbd7
9. g4 Nc5 10. Qc2 a5 11. Nf3 Ne8 12. Rg1 Kh7 13. Nd2 f5 14. gxf5 gxf5 15. Bxc5
dxc5 16. exf5 Bxf5 17. Bd3 Qd7 18. Bxf5+ Qxf5 19. Qxf5+ Rxf5 $11 20. Nce4 b6
21. Ke2 Nf6 22. Nxf6+ Bxf6 23. Ne4 Rf8 24. Rg2 Bh4 25. Rd1 Be7 26. Rd3 Rf4 27.
Rg4 h5 28. Rxf4 Rxf4 29. f3 Rh4 30. d6 cxd6 31. Nxd6 Rxh3 32. Ne4 Rh2+ 33. Ke3
Kg6 34. Rb3 Bd8 35. Rd3 Bg5+ 36. Nxg5 Kxg5 37. Rb3 h4 38. Rxb6 h3 39. Rb8 Rc2
40. Rh8 h2 41. b3 Rxa2 42. Ke4 Re2+ 43. Kd5 Kf4 44. Rh3 e4 45. fxe4 Kg4 46. Rh8
Kg3 47. e5 Kg2 48. Rg8+ Kf1 49. Rh8 Kg1 50. Rg8+ Rg2 51. Rh8 h1=Q 52. Rxh1+
Kxh1 53. Kxc5 Rb2 54. Kb5 Rxb3+ 55. Kxa5 Kg2 56. c5 Kf3 57. c6 Ke4 58. c7 Rc3
59. Kb6 Kd5 60. Kb7 Rb3+ 1/2-1/2

[Event "SG Bochum 2 - SV Sundern 1"]
[Site "NRW-Klasse, Gruppe 2 2015/201"]
[Date "2015.10.25"]
[Round "2.4"]
[White "Dahm, Jochen"]
[Black "Plass, Mariana-Camelia"]
[Result "1-0"]
[WhiteElo "2199"]
[BlackElo "2003"]
[PlyCount "53"]
[EventDate "2015.??.??"]
[WhiteTeam "SG Bochum 2"]
[BlackTeam "SV Sundern 1"]

1. e4 c5 2. Nf3 d6 3. d4 cxd4 4. Nxd4 Nf6 5. Nc3 a6 6. h3 e5 7. Nde2 Nbd7 8. g4
h6 9. Bg2 Qc7 10. O-O b5 11. Ng3 Bb7 12. f4 b4 13. Nd5 Nxd5 14. exd5 exf4 15.
Bxf4 Ne5 16. Qe2 f6 17. Bxe5 dxe5 18. d6 Qd7 19. Bxb7 Qxb7 20. Qd3 Rd8 21. Ne4
Qc6 22. Rad1 Rd7 23. Nxf6+ gxf6 24. Qg6+ Rf7 25. Rxf6 Qc4 26. Rxf7 Rg8 27. Re7+
1-0

[Event "SG Bochum 2 - SV Sundern 1"]
[Site "NRW-Klasse, Gruppe 2 2015/201"]
[Date "2015.10.25"]
[Round "2.5"]
[White "Tillmann, Markus"]
[Black "Kitte, Sebastian"]
[Result "1/2-1/2"]
[WhiteElo "2060"]
[BlackElo "2190"]
[PlyCount "124"]
[EventDate "2015.??.??"]
[WhiteTeam "SV Sundern 1"]
[BlackTeam "SG Bochum 2"]

1. d4 Nf6 2. c4 e6 3. Nf3 Bb4+ 4. Nbd2 d5 5. e3 O-O 6. Bd3 c5 7. O-O cxd4 8.
exd4 b6 9. Qa4 Be7 10. b4 dxc4 11. Bxc4 Bb7 12. a3 Nc6 13. Bb2 a6 14. Qb3 Qd6
15. Rac1 Rfd8 16. Rfe1 Bf8 17. Bd3 Ne7 18. Nc4 Qb8 19. Nce5 Bd5 20. Qd1 h6 21.
Qe2 Qb7 22. Rc2 b5 23. Rec1 Rac8 24. h3 Rxc2 25. Rxc2 Rc8 26. Rxc8 Nxc8 27. Qd1
Nd7 28. Nxd7 Qxd7 29. Ne5 Qc7 30. Bb1 Nd6 31. Nd3 Be4 32. Nc5 Bxb1 33. Qxb1 Qc6
34. Qd3 Be7 35. Bc1 Bd8 36. Bf4 Nc4 37. Bc1 a5 38. bxa5 Nxa5 39. Bd2 Bb6 40.
Bxa5 Bxa5 41. Qe4 Qxe4 42. Nxe4 f5 43. Nd6 b4 44. axb4 Bxb4 45. Nb5 Kf8 46. Kf1
Ke7 47. Ke2 Kd7 48. Kd3 Kc6 49. Kc4 Be1 50. f3 Ba5 51. Na3 Kd6 52. Kd3 Be1 53.
Nc2 Ba5 54. Ne3 Ke7 55. Nc4 Bb4 56. Ne5 Be1 57. Kc4 Bf2 58. d5 exd5+ 59. Kxd5
Kf6 60. Nd3 Be3 61. Ne5 Bf2 62. Nd7+ Ke7 1/2-1/2

[Event "SG Bochum 2 - SV Sundern 1"]
[Site "NRW-Klasse, Gruppe 2 2015/201"]
[Date "2015.10.25"]
[Round "2.6"]
[White "Werthebach, Felix"]
[Black "Schulte, Josef"]
[Result "1/2-1/2"]
[WhiteElo "2140"]
[BlackElo "1873"]
[Annotator "Hausrath,Daniel"]
[PlyCount "35"]
[EventDate "2015.??.??"]
[WhiteTeam "SG Bochum 2"]
[BlackTeam "SV Sundern 1"]

1. c4 c5 2. g3 e6 3. Bg2 Nf6 4. Nc3 d5 5. cxd5 exd5 6. d4 cxd4 7. Qxd4 Nc6 8.
Qa4 Be7 9. Bg5 O-O 10. Rd1 Be6 $11 11. Nf3 Qb6 12. Qb5 h6 13. Be3 Qxb5 14. Nxb5
Bb4+ 15. Bd2 Rac8 16. O-O Be7 17. Bf4 Rfd8 18. Ne5 1/2-1/2

[Event "SG Bochum 2 - SV Sundern 1"]
[Site "NRW-Klasse, Gruppe 2 2015/201"]
[Date "2015.10.25"]
[Round "2.7"]
[White "Kevekordes, Peter"]
[Black "Tkachuk, Sergij"]
[Result "1/2-1/2"]
[WhiteElo "1869"]
[BlackElo "2125"]
[PlyCount "31"]
[EventDate "2015.??.??"]
[WhiteTeam "SV Sundern 1"]
[BlackTeam "SG Bochum 2"]

1. e4 c5 2. Nf3 d6 3. Bb5+ Bd7 4. Bxd7+ Qxd7 5. c4 e5 6. Nc3 Nc6 7. a3 Be7 8.
Rb1 f5 9. d3 Nf6 10. exf5 Qxf5 11. b4 cxb4 12. axb4 O-O 13. O-O e4 14. dxe4
Nxe4 15. Qd5+ Qxd5 16. Nxd5 1/2-1/2

[Event "SC Hansa Dortmund 2 - SK Herne-Sodingen"]
[Site "NRW-Klasse, Gruppe 2 2015/201"]
[Date "2015.10.25"]
[Round "2.1"]
[White "Kartsev, Soel"]
[Black "Pap, Misa"]
[Result "0-1"]
[WhiteElo "2224"]
[BlackElo "2464"]
[PlyCount "60"]
[EventDate "2015.??.??"]
[WhiteTeam "SK Herne-Sodingen 1"]
[BlackTeam "SC Hansa Dortmund 2"]

1. d4 Nf6 2. Nf3 e6 3. Bg5 c5 4. c3 Nc6 5. Nbd2 cxd4 6. cxd4 Qb6 7. Bxf6 gxf6
8. e3 Qxb2 9. Bc4 d5 10. Bb3 Be7 11. O-O O-O 12. Ne1 f5 13. f4 Qc3 14. Rf3 Kh8
15. Rc1 Qa5 16. Rh3 Rg8 17. Nd3 Bd7 18. Nf3 f6 19. Nh4 Rg4 20. Nf2 Rag8 21. Bc2
Be8 22. g3 R4g7 23. Ng2 Qxa2 24. Ba4 Nxd4 25. Ra1 Nf3+ 26. Kh1 Qxf2 27. Bxe8
Rxe8 28. Rxa7 Bc5 29. Ra4 Bxe3 30. Nxe3 Qxe3 0-1

[Event "SC Hansa Dortmund 2 - SK Herne-Sodingen"]
[Site "NRW-Klasse, Gruppe 2 2015/201"]
[Date "2015.10.25"]
[Round "2.2"]
[White "Wegener, Olaf"]
[Black "Waldschmidt, Georg"]
[Result "1-0"]
[WhiteElo "2429"]
[BlackElo "2227"]
[PlyCount "61"]
[EventDate "2015.??.??"]
[WhiteTeam "SC Hansa Dortmund 2"]
[BlackTeam "SK Herne-Sodingen 1"]

1. e4 c5 2. Nf3 d6 3. d4 cxd4 4. Nxd4 Nf6 5. Nc3 g6 6. Be3 Bg7 7. f3 O-O 8. Qd2
Nc6 9. g4 Be6 10. Nxe6 fxe6 11. O-O-O Ne5 12. Be2 Qc8 13. h4 b5 14. h5 b4 15.
Na4 Qc6 16. b3 Rfc8 17. hxg6 hxg6 18. Kb1 d5 19. g5 Nh5 20. f4 Nc4 21. Bxc4
dxc4 22. e5 Ng3 23. Rhe1 cxb3 24. axb3 Ne4 25. Qd3 Rab8 26. Bxa7 Rd8 27. Qxd8+
Rxd8 28. Rxd8+ Kf7 29. Be3 Qa6 30. Bc1 Qb5 31. Rxe4 1-0

[Event "SC Hansa Dortmund 2 - SK Herne-Sodingen"]
[Site "NRW-Klasse, Gruppe 2 2015/201"]
[Date "2015.10.25"]
[Round "2.3"]
[White "Kartsev, Alexandr"]
[Black "Kalka, Arkadius Georg"]
[Result "0-1"]
[WhiteElo "2158"]
[BlackElo "2281"]
[PlyCount "76"]
[EventDate "2015.??.??"]
[WhiteTeam "SK Herne-Sodingen 1"]
[BlackTeam "SC Hansa Dortmund 2"]

1. e4 e5 2. Nf3 Nc6 3. Bb5 a6 4. Ba4 Nf6 5. O-O Be7 6. d3 d6 7. c3 O-O 8. Re1
Bg4 9. h3 Bh5 10. Nbd2 b5 11. Bb3 d5 12. Qe2 d4 13. Nf1 Bxf3 14. Qxf3 Na5 15.
Qg3 Nxb3 16. axb3 Nd7 17. cxd4 exd4 18. Bh6 Bf6 19. e5 Nxe5 20. Bxg7 Bxg7 21.
Rxe5 Qd6 22. Rae1 Kh8 23. Re7 Qxg3 24. Nxg3 c5 25. Rc7 Rfe8 26. Rxe8+ Rxe8 27.
Rxc5 Re1+ 28. Kh2 Be5 29. Rd5 f6 30. h4 Rd1 31. f4 Bxf4 32. Rxd4 Be5 33. Rd8+
Kg7 34. d4 Bf4 35. Kh3 Rd3 36. Rd7+ Kh6 37. Kg4 Bxg3 38. Rf7 Kg6 0-1

[Event "SC Hansa Dortmund 2 - SK Herne-Sodingen"]
[Site "NRW-Klasse, Gruppe 2 2015/201"]
[Date "2015.10.25"]
[Round "2.4"]
[White "Schroeder, Kevin"]
[Black "Boehnke, Martin"]
[Result "0-1"]
[WhiteElo "2217"]
[BlackElo "2111"]
[PlyCount "142"]
[EventDate "2015.??.??"]
[WhiteTeam "SC Hansa Dortmund 2"]
[BlackTeam "SK Herne-Sodingen 1"]

1. e4 c5 2. Nf3 d6 3. c3 Nf6 4. Be2 Nc6 5. Qc2 e6 6. d4 Be7 7. O-O O-O 8. Rd1
cxd4 9. cxd4 d5 10. e5 Ne4 11. Nc3 f5 12. exf6 Nxf6 13. Bg5 Bd7 14. Bd3 Nb4 15.
Qe2 Nh5 16. Ne5 Nf4 17. Bxf4 Rxf4 18. a3 Nxd3 19. Rxd3 Bd6 20. Re1 Rf6 21. Qg4
Be8 22. Rf3 Rh6 23. Rh3 Qf6 24. f4 Rd8 25. Rf3 Bh5 26. Qg3 Bxf3 27. Qxf3 Qh4
28. Qg3 Qxg3 29. hxg3 Rf6 30. Kf2 Rff8 31. Nf3 Rf6 32. Ke3 Rc8 33. Kd3 h6 34.
Re3 a6 35. Nd2 g5 36. f5 Rxf5 37. Rxe6 Bxg3 38. Rxh6 Rc6 39. Rh3 Be1 40. g4 Rf2
41. Nf3 Bxc3 42. bxc3 Kg7 43. Ne5 Rh6 44. Rg3 Rhh2 45. Nf3 Rhg2 46. Rxg2 Rxg2
47. Nxg5 Rxg4 48. Ne6+ Kf6 49. Nc5 Rg7 50. a4 a5 51. Kc2 b6 52. Nd3 Ke6 53. Kb3
Rg3 54. Ne5 Re3 55. Nc6 Kd6 56. Na7 Re1 57. Nb5+ Kc6 58. Kb2 Kd7 59. Ka2 Re6
60. Kb2 Rc6 61. Kb3 Ke6 62. Na7 Rc4 63. Nb5 Kf6 64. Na3 Rc8 65. Nb5 Kg5 66. Na7
Rc4 67. Nb5 Kf4 68. Na3 Rc6 69. Kc2 Ke3 70. Kb2 Kd3 71. Nb1 Rc8 0-1

[Event "SC Hansa Dortmund 2 - SK Herne-Sodingen"]
[Site "NRW-Klasse, Gruppe 2 2015/201"]
[Date "2015.10.25"]
[Round "2.5"]
[White "Hille, Ralph Ingo"]
[Black "Karger, Frank"]
[Result "1/2-1/2"]
[WhiteElo "2043"]
[BlackElo "2264"]
[PlyCount "99"]
[EventDate "2015.??.??"]
[WhiteTeam "SK Herne-Sodingen 1"]
[BlackTeam "SC Hansa Dortmund 2"]

1. b3 Nf6 2. Bb2 g6 3. Nc3 Bg7 4. d4 d5 5. Qd2 O-O 6. O-O-O b6 7. e3 Bb7 8. f3
c5 9. Nge2 Nbd7 10. Nf4 cxd4 11. exd4 Bh6 12. Kb1 Nh5 13. Nce2 Qb8 14. g3 a5
15. Qe1 Nhf6 16. Nd3 a4 17. h4 axb3 18. cxb3 Rc8 19. g4 Bg7 20. h5 Ba6 21. Nec1
e6 22. Qh4 Bxd3+ 23. Bxd3 b5 24. Ne2 b4 25. Rc1 Rxc1+ 26. Nxc1 Nb6 27. Qe1 Nc8
28. hxg6 hxg6 29. Bxg6 fxg6 30. Qxe6+ Kf8 31. g5 Ng8 32. Qxg6 Nge7 33. Qd3 Qf4
34. Qb5 Rb8 35. Nd3 Qd6 36. Qc5 Qg6 37. Rd1 Kg8 38. Ka1 Qb6 39. f4 Nd6 40. Re1
Qxc5 41. dxc5 Ne4 42. Bxg7 Kxg7 43. Kb2 Nc6 44. Rh1 Rb5 45. Re1 Kg6 46. a3
bxa3+ 47. Kxa3 Ra5+ 48. Kb2 Rb5 49. Rh1 Nxc5 50. Rh6+ 1/2-1/2

[Event "SC Hansa Dortmund 2 - SK Herne-Sodingen"]
[Site "NRW-Klasse, Gruppe 2 2015/201"]
[Date "2015.10.25"]
[Round "2.6"]
[White "Sundorf, Jannik"]
[Black "Schriewer, Thomas"]
[Result "1-0"]
[WhiteElo "2103"]
[BlackElo "2013"]
[PlyCount "63"]
[EventDate "2015.??.??"]
[WhiteTeam "SC Hansa Dortmund 2"]
[BlackTeam "SK Herne-Sodingen 1"]

1. d4 d5 2. Nf3 Nf6 3. c4 c6 4. Qc2 dxc4 5. Qxc4 Bf5 6. g3 e6 7. Bg2 Be7 8. O-O
O-O 9. a4 Qd5 10. Nfd2 Qxc4 11. Nxc4 Rd8 12. Rd1 Bc2 13. Rd2 Be4 14. Nc3 Bxg2
15. Kxg2 Bb4 16. Rd1 Na6 17. Bg5 h6 18. Bxf6 gxf6 19. Rd3 c5 20. Rad1 cxd4 21.
Rxd4 Rxd4 22. Rxd4 Rc8 23. Nd6 Bxd6 24. Rxd6 Nc5 25. Kf3 Kf8 26. Rd4 f5 27. Rc4
Rc7 28. Nb5 Rc6 29. Nxa7 Ra6 30. Rxc5 Rxa7 31. b3 Ra8 32. Rb5 1-0

[Event "SC Hansa Dortmund 2 - SK Herne-Sodingen"]
[Site "NRW-Klasse, Gruppe 2 2015/201"]
[Date "2015.10.25"]
[Round "2.7"]
[White "Haberhausen, Ansgar"]
[Black "Babar, Michael"]
[Result "1/2-1/2"]
[WhiteElo "2050"]
[BlackElo "2101"]
[PlyCount "44"]
[EventDate "2015.??.??"]
[WhiteTeam "SK Herne-Sodingen 1"]
[BlackTeam "SC Hansa Dortmund 2"]

1. d4 Nf6 2. Nf3 g6 3. e3 Bg7 4. c4 O-O 5. Nc3 d6 6. Be2 Nbd7 7. O-O c6 8. Qc2
Qc7 9. b3 Re8 10. Bb2 Nf8 11. e4 e5 12. dxe5 dxe5 13. Rfd1 Bg4 14. Ne1 Bxe2 15.
Nxe2 Ne6 16. Nf3 Nd7 17. g3 Rad8 18. Kg2 c5 19. Nc3 Nd4 20. Qd3 Nf6 21. Nd5
Nxd5 22. cxd5 Qd7 1/2-1/2

[Event "SC Hansa Dortmund 2 - SK Herne-Sodingen"]
[Site "NRW-Klasse, Gruppe 2 2015/201"]
[Date "2015.10.25"]
[Round "2.8"]
[White "Prueske, Wolfgang"]
[Black "Kock, Wolfgang"]
[Result "1-0"]
[WhiteElo "2041"]
[BlackElo "1973"]
[PlyCount "145"]
[EventDate "2015.??.??"]
[WhiteTeam "SC Hansa Dortmund 2"]
[BlackTeam "SK Herne-Sodingen 1"]

1. e4 d5 2. exd5 Qxd5 3. Nc3 Qa5 4. d4 c6 5. Nf3 Nf6 6. Bc4 e6 7. O-O Be7 8.
Bd2 Qc7 9. Qe2 O-O 10. Rfe1 Re8 11. Ne5 Nd5 12. Bd3 f5 13. Nxd5 cxd5 14. Qh5
Rf8 15. Re3 Bd6 16. Rh3 g6 17. Nxg6 Rf6 18. Ne5 Bxe5 19. dxe5 Rg6 20. Rg3 Qf7
21. Qh4 Nc6 22. Re1 Bd7 23. Be2 Rxg3 24. Qxg3+ Qg7 25. Qxg7+ Kxg7 26. Bd3 h5
27. Re3 Be8 28. Rg3+ Bg6 29. f4 Rc8 30. Kf2 a6 31. c3 b5 32. Be2 Kf7 33. Rh3
Rh8 34. a4 bxa4 35. Bxa6 Rb8 36. Bc1 Na5 37. Ke2 Nb3 38. Kd1 Nc5 39. Be2 Ne4
40. Kc2 Rc8 41. Bb5 Ra8 42. Rd3 Ra5 43. c4 dxc4 44. Bxc4 Ke7 45. Bd2 Nxd2 46.
Kxd2 Be8 47. Rd6 Bd7 48. Ra6 Rc5 49. Kd3 Rc7 50. Kd4 Rb7 51. Kc3 Rc7 52. Rb6 h4
53. Kb4 Rc8 54. Rb7 Ke8 55. Bd3 Kd8 56. Ka3 Rc5 57. Rb8+ Ke7 58. Rh8 Rd5 59.
Bc2 Rd2 60. Bxa4 Bxa4 61. Kxa4 Rxb2 62. Rxh4 Rxg2 63. Kb4 Rc2 64. Rh7+ Ke8 65.
h4 Kf8 66. h5 Rc1 67. h6 Rf1 68. Kc5 Rxf4 69. Kd6 Rc4 70. Kxe6 Kg8 71. Rg7+ Kf8
72. Rf7+ Ke8 73. Rh7 1-0

[Event "SG Niederkassel 1 - Herforder SV Königs"]
[Site "NRW-Klasse, Gruppe 2 2015/201"]
[Date "2015.10.25"]
[Round "2.1"]
[White "Nordsieck, Thomas"]
[Black "Wigger, Jochen"]
[Result "1-0"]
[WhiteElo "2291"]
[BlackElo "2287"]
[PlyCount "89"]
[EventDate "2015.??.??"]
[WhiteTeam "Herforder SV Königsspringer 1"]
[BlackTeam "SG Niederkassel 1"]

1. e4 e6 2. d3 d5 3. Nd2 Nf6 4. Ngf3 c5 5. g3 Nc6 6. Bg2 b6 7. O-O Bb7 8. Re1
Be7 9. e5 Nd7 10. Nf1 Qc7 11. Bf4 O-O-O 12. h4 h6 13. N1h2 Rdg8 14. Ng4 g5 15.
hxg5 hxg5 16. Bd2 Kb8 17. a3 Ka8 18. Rb1 Nd8 19. b4 f5 20. exf6 Nxf6 21. Nfe5
Nxg4 22. Qxg4 Bf6 23. Qe2 Rh7 24. bxc5 Qxc5 25. Bb4 Qc7 26. d4 Re8 27. Qd3 Qg7
28. Bd6 Reh8 29. c3 g4 30. a4 Rh2 31. f3 gxf3 32. Nxf3 R2h5 33. a5 Nf7 34. Bf4
Ng5 35. axb6 Nh3+ 36. Bxh3 Rxh3 37. Kg2 Bh4 38. Nxh4 R8xh4 39. Ra1 Rxf4 40.
Kxh3 Rf2 41. Re5 Qh6+ 42. Kg4 Rh2 43. Qf1 a5 44. Rg5 Kb8 45. Qf4+ 1-0

[Event "SG Niederkassel 1 - Herforder SV Königs"]
[Site "NRW-Klasse, Gruppe 2 2015/201"]
[Date "2015.10.25"]
[Round "2.2"]
[White "Bussard, Christian"]
[Black "Kirnos, Evgeni"]
[Result "1/2-1/2"]
[WhiteElo "2109"]
[BlackElo "2155"]
[PlyCount "27"]
[EventDate "2015.??.??"]
[WhiteTeam "SG Niederkassel 1"]
[BlackTeam "Herforder SV Königsspringer 1"]

1. d4 d5 2. Nf3 Nf6 3. Bf4 c6 4. c3 Bf5 5. e3 h6 6. Bd3 Bxd3 7. Qxd3 e6 8. O-O
Bd6 9. Nbd2 O-O 10. Rfe1 Qc7 11. Bxd6 Qxd6 12. e4 dxe4 13. Nxe4 Nxe4 14. Qxe4
1/2-1/2

[Event "SG Niederkassel 1 - Herforder SV Königs"]
[Site "NRW-Klasse, Gruppe 2 2015/201"]
[Date "2015.10.25"]
[Round "2.3"]
[White "Wolf, Andre"]
[Black "Schienmann, Bruno"]
[Result "1-0"]
[WhiteElo "2175"]
[BlackElo "2233"]
[Annotator "Hausrath,Daniel"]
[PlyCount "63"]
[EventDate "2015.??.??"]
[WhiteTeam "Herforder SV Königsspringer 1"]
[BlackTeam "SG Niederkassel 1"]

1. e4 e6 2. d4 d5 3. Nd2 Nf6 4. e5 Nfd7 5. Bd3 c5 6. c3 Nc6 7. Ngf3 cxd4 8.
cxd4 Be7 9. O-O Nb6 10. Re1 a5 11. Nf1 a4 12. Ng3 h5 13. Ne2 Bd7 14. Nc3 Nb4
15. Bb1 Ra5 16. a3 $11 Na6 17. Bc2 Nc7 18. Rb1 Nb5 19. Na2 Ra7 20. Bd2 Nc4 21.
Bb4 Nc7 22. Bxe7 Qxe7 23. h4 b5 24. Ng5 Na6 25. g3 g6 26. Qd3 Bc6 27. Red1 b4
28. Nxb4 Nxb4 29. axb4 Rb7 30. b3 Na3 31. bxa4 O-O 32. Qxa3 1-0